Saurez-vous reconnaître les grands champions des jeux télévisés ? - Statistiques

Statistiques générales
  • Ce quiz a été pris 18 fois
  • Le résultat moyen est 6 sur 12
Statistiques - réponses
Par images Réponse % Correct
Émilien
100%
Paul
100%
Xavier
82%
Cyprien
65%
Bruno
53%
Céline
47%
Éric
47%
Timothée
47%
Nicolas
29%
Joël
24%
François
12%
Isabelle
12%
Aucun quiz correspondant
Distribution des résultats
% des personnes avec chaque résultat
Percentile par nombre de réponses
Votre historique - résultats
Vous n’avez pas pris ce quiz